00676na a2200205 450000100060000000300080000600500170001400800410003102000180007204000250009004100130011524501090012826000380023730000260027550000350030170000210033694200130035795200850037099900150045523203MIRAKIL20181213154933.0170807b tu 000 0  a9786058268920 aMilasbturcTR-AnCHP aturaeng aDünyanın merkezi Çorum=Center of the worldcÇorum Belediyesi; yayına hazırlayan İrfan Yiğit aÇorumbÇorum Belediyesic2017 a175 s.brnkl. fotğ. aGEÇİCİ KATALOG KAYDIDIR. aYiğit, İrfan 2ddccBKS a0001b0001d2017-08-07e2l0p017183r2017-08-07 00:00:00v0.00w2017-08-07yBKS c3490d3490